| 000 | 00412nam a2200169Ia 4500 | ||
|---|---|---|---|
| 008 | 210210b1930 xxu||||| |||| 00| 0 eng d | ||
| 041 | _aeng | ||
| 082 | _a823/239 | ||
| 100 | _aSHAKESPEARE (William) | ||
| 245 | _aMidsummer nights dream | ||
| 260 |
_aLondon _bMethuen and Company Limited _c1930 |
||
| 650 | _anights | ||
| 650 | _aMidsummer | ||
| 650 | _adream | ||
| 690 | _aEnglish Drama | ||
| 906 | _a013784 | ||
| 999 |
_c132841 _d132841 |
||